1384 1229 1845 1234 1164 1107 1224 1553 1428 1675 1580 1776 1601 1986 1169 1073 1048 1466 1080 1854 1800 1691 1111 1915 1152 1523 1529 1184 1130 1166 1680 1854 1543 1621 1020 1869 1435 1844 1803 1086 1347 1688 1908 1004 1041 1337 1410 1448 1510 1576 1543 1350 1004 1526 1952 1763 1221 1174 1322 1166 1350 1084 1694 1713 1602 1734 1735 1123 1277 1546 1261 1526 1760 1610 1880 1446 1279 1990 1063 1177 1992 1811 1995 1465 1583 1500 1320 1326 1727 1161 1712 1836 1138 1965 1527 1868 1052 1245 1612 BCNSPRNW ULIB Ver.6.0+V

เปลี่ยนเป็นภาษาไทย

Change to English
 แสดงรายละเอียดบรรณานุกรม
  กลับหน้าหลัก

Brief Record : Get Marc (ISO 2709) : E-mail record : QR code < ปิดหน้าต่าง
LEADER : 00000nam 2200000uu 4500
001    13399108267
003     ULIB
008    110225s2551||||th 000 0 tha d
020    9789741110490
060 04 WW260^bส218ต 2551
100 0  สบง ศรีวรรณบูรณ์
245 10 ต้อกระจกภายหลังการผ่าตัดแก้ไขสายตาผิดปกติ /^cสบงศรีวรรณบูรณ์
250    พิมพ์ครั้งที่ 1
260    กรุงเทพฯ :^bงานตำราวารสารและสิ่งพิมพ์สถานเทคโนโลยีการศึกษาแพทยศาสตร์ คณะแพทยศาสตร์ศิริราชพยาบาลมหาวิทยาลัยมหิดล,^c2551
300    xviii, 158 หน้า :^bภาพประกอบ (ภาพสีบางภาพ) ;^c27 ซม.
650  7 ต้อกระจก^xการรักษา
650  7 ต้อกระจก, ศัลยกรรม
650  7 ตา, โรค^xการรักษา
650  7 แก้วตาเทียม
653    ผลงานอาจารย์คณะแพทยศาสตร์ศิริราชพยาบาล
710 2  มหาวิทยาลัยมหิดล. ^bคณะแพทยศาสตร์ศิริราชพยาบาล.^bสถานเทคโนโลยีการศึกษาแพทยศาสตร์
945    ^p350^l0^i026245
945    ^p350^l0^i026246
945    ^p350^l0^i026244
995    ทศพร
999 ^a ใช้งานได้ทุกระบบ
รายการนี้ยังไม่มีแท็ก
คุณยังไม่ได้ล็อกอิน คุณสามารถมีกิจกรรมร่วมกับเว็บไซต์ได้ แต่ต้องล็อกอินก่อน ::
  ล็อกอิน

รายการสื่อสารสนเทศ

ลำดับที่ ประเภท เลขเรียก/บาร์โค้ด สถานที่ สถานะ
1. วิทยาศาสตร์การแพทย์ และสุขภาพ
วิทยาศาสตร์การแพทย์ และสุขภาพ
WW260 ส218ต 2551 ฉ.3 
  Barcode: 026246
ห้องสมุดวิทยาเขตสวรรค์ประชารักษ์
►ส่วนจัดเก็บหนังสือเก่า สปร
บนชั้น
  ขอยืม

รายการใกล้เคียง
    ผู้แต่ง [สบง ศรีวรรณบูรณ์]

    หัวเรื่อง [ต้อกระจก, ศัลยกรรม]
    หัวเรื่อง [แก้วตาเทียม]

BibComment


ยังไม่เคยถูกคอมเมนท์

คอมเมนท์ทรัพยากรรายการนี้
  คอมเมนท์: ต้อกระจกภายหลังกา..


 Copyright 2026. Bcnsprnw @Library